More misinformation

Bibliographic Details
Main Author: Burnam, Tom (Author)
Format: Book
Published: New York : Lippincott & Crowell , c1980
Subjects:

MARC

LEADER 00000cam a2200000 7i4500
001 0000005396
005 20040418093000.0
008 021118s1980
020 |a 0690016859 
090 0 0 |a AZ999   |b .B88 1980 
100 0 |a Burnam, Tom ,   |e author 
245 1 0 |a More misinformation   |c Tom Burnam 
260 2 |a New York :   |b Lippincott & Crowell ,   |c c1980 
300 |a xii, 243 p. ;   |c 23 cm. 
650 0 |a Errors, Popular 
999 |a 1000048664   |b Book   |c OPEN SHELF (30 DAYS)   |e Gong Badak Campus